| 000 | 00619nam a22002650a 4500 | ||
|---|---|---|---|
| 001 | PT61994 | ||
| 003 | AR-LpoUNG | ||
| 005 | 20210131232051.0 | ||
| 008 | 191001s1975||||ag |||||||||||||||||spa d | ||
| 040 |
_aAR-LpoUNG _bspa _cAR-LpoUNG _eaacr |
||
| 041 | _aspa | ||
| 044 | _aag | ||
| 082 | 0 | _aA863 723nue | |
| 100 | 1 | _aArlt, Roberto | |
| 245 | 1 | 0 | _aNuevas aguafuertes |
| 250 | _a1ra. ed. | ||
| 260 |
_aBuenos Aires : _bLosada, _c1975. |
||
| 300 |
_a143 p. : _bfot. |
||
| 650 | 4 | _aARGENTINA | |
| 650 | 4 | _aLITERATURA | |
| 650 | 4 | _aPROSA | |
| 653 | _aLITERATURA ARGENTINA | ||
| 905 | _a61994 | ||
| 942 | _cLIB | ||
| 999 |
_c13533 _d13533 |
||